000 00964cam a2200157 4500500
005 20260329004311.0
041 _afre
042 _adc
100 1 0 _aLegrand, Bernadette
_eauthor
245 0 0 _a« Ici, au moins, j'ai ma place... »
260 _c2005.
500 _a58
520 _aL’enfant se trouve « placé » dans une famille d’accueil suite à des défaillances parentales graves qui produisent des effractions dans le psychisme de l’enfant. Ces effractions fragilisent le rapport à la Loi, aux interdits et laissent le champ pulsionnel se débrider sans limite. Le placement familial aura la charge d’aider l’enfant à subjectiver ces traumatismes objectifs en particulier au moment des « crises » ou des comportements à risque, insupportables ou invalidants.
786 0 _nDialogue | 167 | 1 | 2005-03-01 | p. 71-75 | 0242-8962
856 4 1 _uhttps://shs.cairn.info/revue-dialogue-2005-1-page-71?lang=fr&redirect-ssocas=7080
999 _c1832614
_d1832614